Sports Quiz

Random Sports Quiz

AFL 2017 Club Best & Fairests Quiz Stats

 Plays Quiz not verified by Sporcle

Score 0/18 Timer 05:00
0 Plays Today
Club Player % Correct
RichmondDustin Martin
90.2%
GeelongPatrick Dangerfield
87.8%
BrisbaneDayne Zorko
85.5%
CarltonMarc Murphy
85.1%
HawthornTom Mitchell
84.7%
AdelaideMatt Crouch
84.3%
Western BulldogsMarcus Bontempelli
82.4%
Gold CoastGary Ablett, Jr.
80.4%
GWSJosh Kelly
77.3%
Club Player % Correct
CollingwoodSteele Sidebottom
74.5%
SydneyLuke Parker
72.9%
EssendonJoe Daniher
71%
MelbourneClayton Oliver
67.5%
St. KildaSebastian Ross
62.7%
FremantleBrad Hill
59.6%
North MelbourneShaun Higgins
59.6%
West CoastElliot Yeo
58%
Port AdelaidePaddy Ryder
57.6%

You're not logged in!

Compare scores with friends on all Sporcle quizzes.
OR
Log In

Sporcle TV

Today on Sporcle TV


Watch our educational content, quiz creation guides, and fun videos on Sporcle TV.

Show Comments

Extras

Top Quizzes Today


Score Distribution

Your Account Isn't Verified!

In order to create a playlist on Sporcle, you need to verify the email address you used during registration. Go to your Sporcle Settings to finish the process.

Report this User

Report this user for behavior that violates our Community Guidelines.

Details: